After the wall : Germany, the Germans and the burdens of history /

Bibliographic Details
Main Author: Fisher, Marc
Format: Book
Language:English
Published: New York : Simon & Schuster, [1995]
Subjects:

MARC

Tag First Indicator Second Indicator Subfields
LEADER 00000cam a2200000 a 4500
001 in00001229913
005 20151003071148.0
008 950119s1995 nyu 001 0 eng
010 |a  95003892  
020 |a 0684802910 
035 |a (OCoLC)31969573 
035 |9 AGT3728AM 
040 |a DLC  |c DLC  |d UtOrBLW 
043 |a e-gx--- 
049 |a TXAM 
050 0 0 |a DD290.29  |b .F57 1995 
082 0 0 |a 305.8/00943/09049  |2 20 
100 1 |a Fisher, Marc. 
245 1 0 |a After the wall :  |b Germany, the Germans and the burdens of history /  |c Marc Fisher. 
264 1 |a New York :  |b Simon & Schuster,  |c [1995] 
264 4 |c ©1995 
300 |a 350 pages ;  |c 25 cm. 
336 |a text  |b txt  |2 rdacontent 
337 |a unmediated  |b n  |2 rdamedia 
338 |a volume  |b nc  |2 rdacarrier 
500 |a Includes index. 
651 0 |a Germany  |x History  |y Unification, 1990. 
651 0 |a Germany  |x Ethnic relations. 
650 0 |a Jews  |z Germany  |x History  |y 20th century. 
651 0 |a Germany  |x Social conditions  |y 1990- 
650 0 |a Social integration  |z Germany. 
999 |a MARS 
999 f f |s 1c1ac224-c8a5-3a69-a411-c84adcd41eee  |i 45834581-c2c2-35ba-9fe6-ef272493cb44  |t 0 
952 f f |p ric  |a Texas A&M University  |b Rellis Campus  |c Joint Library Facility  |d Remote Storage  |t 0  |e DD290.29 .F57 1995  |h Library of Congress classification  |i unmediated -- volume  |m A14818211345 
998 f f |a DD290.29 .F57 1995  |t 0  |l Remote Storage